• 首页
  • 本馆介绍
  • 公告通知
  • 最新文献
  • 馆藏检索
  • 电子资源
  • 读者导购
  • 参考咨询
  • 我的图书馆
  • 登录
  • 详细信息显示
  • 放入我的书架
  • 预约/预借图书
  • 作者相关作品
  • 分类相关作品
  • 丛书相关作品
  • 出版社相关作品

书目信息

  • 表格格式
  • 工作单格式
  • 卡片格式
题名:
衍义体研究
    
 
作者: 孙先英 , 刘丽莎 , 向娟妮 著
分册:  
出版信息: 北京   社会科学文献出版社  2020
页数: 206页
开本: 24cm
丛书名:
单 册:
中图分类: B089.2
科图分类:
主题词: 阐释学--chan shi xue--研究
电子资源:
ISBN: 978-7-5201-6485-6
000 00949nam0 2200253 450
001 2160485143
005 20210926145238.0
010    @a978-7-5201-6485-6@dCNY79.00
100    @a20201014d2020 em y0chiy0120 ea
101 0  @achi
102    @aCN@b110000
105    @ay z 000yy
106    @ar
200 1  @a衍义体研究@Ayan yi ti yan jiu@f孙先英,刘丽莎,向娟妮著
210    @a北京@c社会科学文献出版社@d2020
215    @a206页@d24cm
330    @a本书以衍义体为题,在经典阐释视域下,在对衍义之作的特点、发展分期、经世思想的演变进行梳理的基础上,对衍义体在传统精英思维方式和程朱理学的传播两方面的价值进行了探讨,并在经筵制度、科举考试、传统经学的互动关系中寻找了其衰落的原因。
606 0  @a阐释学@Achan shi xue@x研究
690    @aB089.2@v5
701  0 @a孙先英@Asun xian ying@c(女,@f1963-)@4著
701  0 @a刘丽莎@Aliu li sha@4著
701  0 @a向娟妮@Axiang juan ni@4著
801  0 @aCN@b百万庄@c20210925
905    @b1300011-14@dB089.2@e120@f4
    
    衍义体研究/孙先英,刘丽莎,向娟妮著.-北京:社会科学文献出版社,2020
    206页;24cm
    
    
    ISBN 978-7-5201-6485-6:CNY79.00
    本书以衍义体为题,在经典阐释视域下,在对衍义之作的特点、发展分期、经世思想的演变进行梳理的基础上,对衍义体在传统精英思维方式和程朱理学的传播两方面的价值进行了探讨,并在经筵制度、科举考试、传统经学的互动关系中寻找了其衰落的原因。
●
相关链接 在E读中查询图书 在五车中查询图书 在当当中查询图书 在豆瓣中查询图书


正题名:衍义体研究     索取号:B089.2/120         预约/预借

序号 登录号 条形码 馆藏地/架位号 状态 备注
1 1300011   213000116   第一样本阅览室/ [索取号:B089.2/120] 在馆    
2 1300012   213000125   第一借阅区/ [索取号:B089.2/120] 在馆    
3 1300013   213000134   第一借阅区/ [索取号:B089.2/120] 在馆    
4 1300014   213000143   第一借阅区/ [索取号:B089.2/120] 在馆    
欢迎您!
大连网信软件有限公司© 版权所有